• 首页
  • 本馆介绍
  • 公告通知
  • 最新文献
  • 馆藏检索
  • 电子资源
  • 读者导购
  • 参考咨询
  • 我的图书馆
  • 登录
  • 详细信息显示
  • 放入我的书架
  • 预约/预借图书
  • 作者相关作品
  • 分类相关作品
  • 丛书相关作品
  • 出版社相关作品

书目信息

  • 表格格式
  • 工作单格式
  • 卡片格式
题名:
中国古代艺术珍品
    
 
作者: 徐潜 主编 ;于元 , 梁丹丹 编著
分册:  
出版信息: 长春   吉林文史出版社  2018重印
页数: 204页
开本: 24cm
丛书名: 巧夺天工的艺术品
单 册:
中图分类: K870.2-49
科图分类:
主题词: 历史文物--Li Shi Wen Wu--中国--古代--通俗读物
电子资源:
ISBN: 978-7-5472-1524-1
000 01129cam 2200289 45
001 012001011021
005 20140104171944.0
010    @a978-7-5472-1524-1@dCNY33.80
099    @aCAL 012014051603
100    @a20140430d2014 em y0chiy50 ea
101 0  @achi
102    @aCN@b220000
105    @aa z 000yy
106    @ar
200 1  @a中国古代艺术珍品@AZhong Guo Gu Dai Yi Shu Zhen Pin@f徐潜主编@g于元, 梁丹丹编著
210    @a长春@c吉林文史出版社@d2018重印
215    @a204页@c图@d24cm
225 2  @a巧夺天工的艺术品@AQiao Duo Tian Gong De Yi Shu Pin
330    @a中国,一个世界上历史悠久的文明古国,有着5000年中国文化文明史,灿烂绚丽的古代艺术珍品标记了这个历史文明的行程,我们为之骄傲。《中国古代艺术珍品》从浩如烟海的中国古代艺术品中,对金器、银器、瓷器、青铜器等四类艺术样式,进行了介绍和赏析。
410  0 @12001 @a巧夺天工的艺术品
606 0  @a历史文物@ALi Shi Wen Wu@y中国@z古代@j通俗读物
690    @aK870.2-49@v5
701  0 @a徐潜@AXu Qian@4主编
702  0 @a于元@AYu Yuan@4编著
702  0 @a梁丹丹@ALiang Dan Dan@4编著
801  2 @aCN@b上海新华@c20191020
905    @b1137649-53@dK870.2-49@e454@f5
    
    中国古代艺术珍品/徐潜主编/于元, 梁丹丹编著.-长春:吉林文史出版社,2018重印
    204页:图;24cm.-(巧夺天工的艺术品)
    
    
    ISBN 978-7-5472-1524-1:CNY33.80
    中国,一个世界上历史悠久的文明古国,有着5000年中国文化文明史,灿烂绚丽的古代艺术珍品标记了这个历史文明的行程,我们为之骄傲。《中国古代艺术珍品》从浩如烟海的中国古代艺术品中,对金器、银器、瓷器、青铜器等四类艺术样式,进行了介绍和赏析。
●
相关链接 在E读中查询图书 在五车中查询图书 在当当中查询图书 在豆瓣中查询图书


正题名:中国古代艺术珍品     索取号:K870.2-49/454         预约/预借

序号 登录号 条形码 馆藏地/架位号 状态 备注
1 1137649   211376492   第二样本阅览室/ [索取号:K870.2-49/454] 在馆    
2 1137650   211376508   第二借阅区/ [索取号:K870.2-49/454] 在馆    
3 1137651   211376517   第二借阅区/ [索取号:K870.2-49/454] 在馆    
4 1137652   211376526   第二借阅区/ [索取号:K870.2-49/454] 在馆    
5 1137653   211376535   第二借阅区/ [索取号:K870.2-49/454] 在馆    
唐山师范学院图书馆 欢迎您!
大连网信软件有限公司© 版权所有